000 00544nam a2200169 4500
001 144066
003 ES-MaACL
005 20230906200933.0
007 t|
008 070214s1966 sp r ||||1| spa d
100 1 _aSimonet, André.
_9106569
245 1 3 _aEl sacerdote diocesano en la Iglesia /
_cAndré Simonet ; [traducción... Antonio M. Moya, O. P.].
260 _aSalamanca :
_bSígueme,
_c1966 (
_eAvila :
_fSenén Martín)
300 _a190 p. ;
_c19 cm.
700 1 _aMoya, Antonio M.
_983948
852 _aES-MaACL
_jC-54121
_bR.81860
999 _c144066
_d144066